• 首页
  • 本馆介绍
  • 公告通知
  • 最新文献
  • 馆藏检索
  • 电子资源
  • 读者导购
  • 参考咨询
  • 我的图书馆
  • 登录
  • 详细信息显示
  • 放入我的书架
  • 预约/预借图书
  • 作者相关作品
  • 分类相关作品
  • 丛书相关作品
  • 出版社相关作品

书目信息

  • 表格格式
  • 工作单格式
  • 卡片格式
题名:
薄壁杆件结构力学
    
 
作者: 包世华 编
分册:  
出版信息: 北京   中国建筑工业出版社  1991
页数: 395页
开本: 26cm
丛书名:
单 册:
中图分类: TU320.1
科图分类:
主题词: 建筑结构--杆件
电子资源:
ISBN: 7-112-01003-9
000 00562nam0 2200193 45
001 0405140956
005 20040514095145.4
010    @a7-112-01003-9@dCNY16.05
100    @a20040514d1991 km y0chiy0120 ea
101 0  @achi
105    @a z 000yy
200 1  @a薄壁杆件结构力学@ABo Bi Gan Jian Jie Gou Li Xue@f包世华等编@FBao Shi Hua Deng Bian
210    @a北京@c中国建筑工业出版社@d1991
215    @a395页@d26cm
606 0  @a建筑结构@x杆件
690    @aTU320.1@v3
701  0 @a包世华@4编
801    @aCN@bPftUser@c20040514
905    @f2@b224860-861@dTU320.1@e138
    
    薄壁杆件结构力学/包世华等编.-北京:中国建筑工业出版社,1991
    395页;26cm
    
    
    ISBN 7-112-01003-9:CNY16.05
    
●
相关链接 在E读中查询图书 在五车中查询图书 在当当中查询图书 在豆瓣中查询图书


正题名:薄壁杆件结构力学     索取号:TU320.1/138         预约/预借

序号 登录号 条形码 馆藏地/架位号 状态 备注
1 0224860   001483763   密集书库/ [索取号:TU320.1/138] 在馆    
2 0224861   001483709   第三借阅区/ [索取号:TU320.1/138] 在馆    
3 0224862   001483692   第二样本阅览室/ [索取号:TU320.1/138] 在馆    
唐山师范学院图书馆 欢迎您!
大连网信软件有限公司© 版权所有